| 000 | 01068nam a22002775 4500 | ||
|---|---|---|---|
| 001 | 191444 | ||
| 003 | SpMaBN | ||
| 005 | 20250612063108.0 | ||
| 008 | 220923s1995 sp | ||| ||spa | ||
| 016 | 7 |
_abimoBNE19960044930 [ _2SpMaBN] |
|
| 017 |
_aB 39454-1995 _bOficina Depósito Legal Barcelona |
||
| 020 | _a8481741426 | ||
| 035 | _a(OCoLC)431380911 | ||
| 040 |
_aSpMaBN _bspa _cSpMaBN _erdc |
||
| 080 | _a616-071 | ||
| 100 | 1 |
_aPagana, Kathleen Deska, _d1952- _9175254 _eaut |
|
| 245 | 1 | 0 |
_aGuía de pruebas diagnósticas y de laboratorio / _cKathleen Deska Pagana, Timothy James Pagana ; revisión de la edición en español, M. Sabrià Leal ; supervisión, C. Rey-Joly. |
| 260 |
_aMadrid : _bMosby/Doyma Libros, _cD.L. 1995. |
||
| 300 |
_aXII, 1001 p. ; _c19 cm. |
||
| 650 | 0 | 7 |
_aDiagnóstico. _911851 |
| 700 | 1 |
_aPagana, Timothy James, _d1949- _9175255 _eaut |
|
| 852 | 4 |
_aES-MaACL _jA-15593 _cDEPO1 _dOlim: 616-071 PAG gui _xEncuadernación cartoné |
|
| 942 |
_2udc _cMONOGRAFIA _n0 |
||
| 999 |
_c191444 _d191444 |
||